000 00711nam a2200253Ia 4500
003 OSt
005 20221006142949.0
006 a|||||r|||| 00| 0
007 ta
008 221006b |||||||| |||| 00| 0 eng d
020 _a069106816X
_c
_34.50
024 _a7,649
037 _cTextual
040 _aEASL
_cEASL
_beng
041 _2eng
_aeng
082 _aV42,4N.N89, N0
100 _aSILVERBERG Miriam
_9648824
245 0 _aChanging song
_b The marxist manifestors of Nakano Shigeharu
260 _aPrinceton
_bPrinceton University Press
_c1990
300 _a255p.
_ccm.
490 _v JEL
942 _hV42,4N.N89, N0
_cTEXL
_2CC
999 _c1075735
_d1075735